Plan nacional de reforma del sistema de ciencia y tecnología: lineamientos fundamentales
De conformidad con el nuevo rol del Estado, se plantea un salto cualitativo en la organización y funcionamiento del sistema de ciencia y tecnología. Se ha logrado alcanzar un consenso político y técnico en aspectos tan importantes como lo son la rectoría del sector en ciencia y tecnología. Dentro de...
Kaydedildi:
| Kurumsal yazarlar: | , , |
|---|---|
| Materyal Türü: | Metin |
| Baskı/Yayın Bilgisi: |
San José:
MIDEPLAN. MCT
|
| Konular: | |
| Etiketler: |
Etiketle
Etiket eklenmemiş, İlk siz ekleyin!
|
MARC
| LEADER | 00000 a a2200000 04500 | ||
|---|---|---|---|
| 001 | 6048 | ||
| 003 | |||
| 040 | |||
| 090 | |a 124400 | ||
| 110 | |a Presidencia de la República. Programa de Reforma del Estado | ||
| 245 | |a Plan nacional de reforma del sistema de ciencia y tecnología: lineamientos fundamentales |a Presidencia de la República. Programa de Reforma del Estado | ||
| 260 | |a San José: |b MIDEPLAN. MCT | ||
| 300 | |a 66 p | ||
| 520 | |a De conformidad con el nuevo rol del Estado, se plantea un salto cualitativo en la organización y funcionamiento del sistema de ciencia y tecnología. Se ha logrado alcanzar un consenso político y técnico en aspectos tan importantes como lo son la rectoría del sector en ciencia y tecnología. Dentro de los objetivos de esta estrategia se destaca el crear las condiciones adecuadas para que la ciencia y la tecnología cumplan con su papel instrumental de factores básicos para lograr una mayor competitividad y crecimiento del sector productivo, así como estimular la innovación y la gestión tecnológica como elementos esenciales para la transformación productiva del país, que permitan adaptarse a los cambios de la economía internacional y garantizar entre otros aspectos, la preservación de los recursos naturales, incrementar la influencia de la capacidad científica y tecnológica nacional, apoyar y estimular el uso intensivo de los recursos científicos y tecnológicos del país, como instrumento para apoyar la modernización tecnológica, particularmente del sector productivo y elevar la calidad de vida de la población, promover las gestiones de los países centroamericanos tendientes a enfrentar de forma conjunta los retos del desarrollo científico y tecnológico de la región. OB/LOB | ||
| 650 | |a ESTADO | ||
| 650 | |a POLITICA GUBERNAMENTAL | ||
| 650 | |a IDEOLOGIAS | ||
| 650 | |a NEOLIBERALISMO | ||
| 650 | |a POLITICA ECONOMICA | ||
| 650 | |a CAMBIO TECNOLOGICO | ||
| 650 | |a ESTADO | ||
| 650 | |a PAISES EN DESARROLLO | ||
| 650 | |a DESARROLLO ECONOMICO Y SOCIAL | ||
| 710 | |a Costa Rica. Ministerio de Planificación Nacional y Política Económica | ||
| 710 | |a Costa Rica. Ministerio de Ciencia y Tecnología | ||
| 999 | |c 5509 |d 5509 | ||
